LEADER 01152nam a2200205 i 4500 001 000000238440 003 CaOOAMICUS 005 20240326093132.0 008 150130s1755 it u000 u lat u 013 $a217345 026 $aamti umn- *-** usve (3) 1755 (R) 040 $aSeMil$bita 245 10$aTomus secundus continens Commentarios in omnes D. Pauli epistolas, et variantes lectiones ex duobus codicibus Oxoniensibus & uno Veneto-Marciano collectas .. 300 $aXII, 804 p. 500 $aSegn.: A6 A-5C4 5D2 5E-5I4 773 0 $aTheophylactus $tTheophylaktou ... Hapanta. Theophylacti Bulgariae archiepiscopi Opera omnia sive quae hactenus edita sunt, sive quae nondum lucem viderunt.$dVenetiis : Apud Josephum Bertellam in Officina Hertziana, 1754-1763.$g2$w()31318 850 $aSeMil 852 $aSeMil$W1$xVenegono$y1$m2S VIII 43 FA$j188786$B188786$CSeMilBibl$Z2$F199511 $8I 996 $6245$aTomus secundus continens Commentarios in omnes D. Pauli epistolas, et variantes lectiones ex duobus codicibus Oxoniensibus & uno Veneto-Marciano collectas ..$9(OLS)http://semarc/title/339804 LEADER 00928nam a2200217 i 4500 001 000000036764 003 CaOOAMICUS 005 20190820123024.0 008 090701s1987 it a u000 u ita u 013 $a6517 040 $aSeMil$bita 245 10$aVol. 1. 264 1$aMilano :$bSuore delle Carita delle sante B.Capitanio e V.Gerosa,$c1987. 300 $a374 p., [8] p. di tav. :$bill. ;$c22 cm 773 0 $aCarraro, Mariapia$tIstituto delle sante Bartolomea Capitanio e Vincenza Gerosa.$dMilano : Suore delle Carita delle sante B.Capitanio e V.Gerosa, 1987-1996.$w()21602 850 $aSeMil 852 $aSeMil$W1$xVenegono$y1$m3B IV 162$j2919$B2919$CSeMilBibl$Z2$F2919 $81 961 $aOmaggio: Donazione 996 $6245$aVol. 1$9(OLS)http://semarc/title/13429 996 $6264$aMilano :$bSuore delle Carita delle sante B.Capitanio e V.Gerosa$9(OLS)http://semarc/publisher/35554